Normal view MARC view
  • Meza Osuna, Alicia

Entry Nombre Personal

Number of records used in: 1

001 - NUMERO DE CONTROL

  • campo de control: 48821

003 - IDENTIFICADOR DE NUMERO DE CONTROL

  • campo de control: UPN

005 - FECHA Y HORA DE LA ÜLTIMA TRANSACCIÓN

  • campo de control: 20230509100750.0

008 - DATOS DE LONGITUD FIJA

  • campo de control de longitud fija: 230509nn acnnnaabn a aaa d

040 ## - FUENTE DE CATALOGACIÓN

  • Agencia original de catalogación: MX-MxUPN
  • Lenguaje de catalogación: spa

100 1# - ENCABEZAMIENTO - NOMBRE PERSONAL

  • Nombre personal: Meza Osuna, Alicia

400 1# - VEÁSE - NOMBRE DE PERSONA

  • Personal name: Osuna, Alicia Meza

670 ## - FUENTE EN LA QUE SE LOCALIZARON DATOS

  • Cita de la fuente: Baja California Sur, 2012:
  • Información localizada: reverso de la portada (Alicia Meza Osuna)

902 ## - CATALOGADOR

  • Catalogador: VíctorGodínez/090523